[Event "Titled Tuesday intern op 11th Jun Late"]
[Site "Chess.com INT"]
[Date "2024.06.11"]
[Round "4"]
[White "Golubenko, Valentina"]
[Black "Mendes, Aaron Reeve"]
[Result "1/2-1/2"]
[WhiteElo "2209"]
[BlackElo "2318"]
[PlyCount "247"]
[GameId "2057617438040064"]
[EventDate "2024.06.11"]
[EventType "swiss (blitz)"]
[EventRounds "11"]
[EventCountry "USA"]
[SourceTitle "EXT 2025"]
[Source "ChessBase"]
[SourceDate "2024.10.14"]
[SourceVersion "1"]
[SourceVersionDate "2024.10.14"]
[SourceQuality "1"]

1. Nf3 d5 2. g3 Nd7 3. d4 Nb6 4. Bg2 Bf5 5. O-O e6 6. Nh4 Nf6 7. Nxf5 exf5 8. b3 c6 9. Nd2 Bb4 10. a3 Bc3 11. Rb1 Ne4 12. Nxe4 fxe4 13. Bb2 Bxb2 14. Rxb2 O-O 15. e3 f5 16. Qe2 Qe7 17. Ra2 a5 18. c4 a4 19. cxd5 axb3 20. Rb2 Nxd5 21. Rxb3 Rxa3 22. Rb2 b5 23. Rc1 Qd6 24. Qc2 Rc3 25. Qd2 b4 26. Bf1 Ra8 27. Bc4 Raa3 28. Bxd5+ cxd5 29. Rcb1 Ra4 30. Rb3 Rxb3 31. Rxb3 Qb6 32. Kg2 Qb5 33. Rb2 Qc4 34. Rc2 Qa6 35. Qe2 Qxe2 36. Rxe2 b3 37. Rb2 Rb4 38. Kf1 Kf7 39. Ke2 Kg6 40. Kd2 Kh5 41. h3 g5 42. Kc3 Rc4+ 43. Kd2 Rb4 44. Kc3 Rc4+ 45. Kd2 Ra4 46. Rxb3 Ra2+ 47. Ke1 Ra1+ 48. Ke2 Rh1 49. Rb5 Rxh3 50. Rxd5 Kg4 51. Rd8 Rh1 52. d5 Rb1 53. d6 Rb2+ 54. Ke1 Rb6 55. d7 Rd6 56. Ke2 h5 57. Ke1 Kf3 58. Rf8 Rxd7 59. Rxf5+ Kg4 60. Re5 h4 61. gxh4 gxh4 62. Rxe4+ Kh3 63. Ke2 Rh7 64. f4 Kg2 65. f5 h3 66. Rg4+ Kh1 67. Kf2 h2 68. e4 Rf7 69. Rg5 Ra7 70. f6 Ra2+ 71. Kf3 Ra1 72. f7 Rf1+ 73. Ke2 Rxf7 74. e5 Ra7 75. e6 Ra6 76. Rg6 Ra2+ 77. Kf3 Ra3+ 78. Kf2 Ra7 79. Kf1 Re7 80. Kf2 Re8 81. Kf1 Rf8+ 82. Ke2 Rf5 83. Ke1 Rf4 84. Ke2 Re4+ 85. Kf2 Re5 86. Kf1 Rf5+ 87. Ke2 Rf8 88. Ke1 Re8 89. Kf2 Re7 90. Kf1 Rb7 91. Kf2 Rb2+ 92. Ke1 Rb1+ 93. Kf2 Rg1 94. Rh6 Rg7 95. Kf1 Rg8 96. Kf2 Rf8+ 97. Ke2 Kg2 98. Rg6+ Kh3 99. Rh6+ Kg3 100. Rg6+ Kf4 101. Rh6 Kg3 102. Rg6+ Kh3 103. Rh6+ Kg2 104. Rg6+ Kh1 105. Ke1 Rf5 106. Ke2 Re5+ 107. Kf2 Rb5 108. Ke2 Rb2+ 109. Kf1 Rb1+ 110. Kf2 Rg1 111. Rh6 Rg5 112. Kf1 Rf5+ 113. Ke2 Kg2 114. Rg6+ Kh3 115. Rh6+ Kg3 116. Rg6+ Kf4 117. Rh6 Kg3 118. Rg6+ Kh3 119. Rh6+ Kg2 120. Rg6+ Kh1 121. Ke1 Re5+ 122. Kf2 Rb5 123. Kf1 Rb1+ 124. Kf2 1/2-1/2

[Event "Titled Tuesday intern op 11th Jun Late"]
[Site "Chess.com INT"]
[Date "2024.06.11"]
[Round "5"]
[White "Holt, Conrad"]
[Black "Mendes, Aaron Reeve"]
[Result "1-0"]
[WhiteElo "2540"]
[BlackElo "2318"]
[PlyCount "45"]
[GameId "2057617438068736"]
[EventDate "2024.06.11"]
[EventType "swiss (blitz)"]
[EventRounds "11"]
[EventCountry "USA"]
[SourceTitle "EXT 2025"]
[Source "ChessBase"]
[SourceDate "2024.10.14"]
[SourceVersion "1"]
[SourceVersionDate "2024.10.14"]
[SourceQuality "1"]

1. d4 Nf6 2. c4 c5 3. d5 e6 4. Nc3 exd5 5. cxd5 d6 6. e4 g6 7. h3 Bg7 8. Nf3 O-O 9. Bd3 Nbd7 10. O-O a6 11. a4 Re8 12. Re1 Ne5 13. Nxe5 Rxe5 14. Bf4 Re8 15. a5 b5 16. axb6 Qxb6 17. Na4 Qd8 18. Qb3 Nh5 19. Bh2 Bd4 20. Be2 Nf6 21. Bf3 Rb8 22. Qxb8 Nd7 23. Qxd6 1-0

[Event "Titled Tuesday intern op 11th Jun Late"]
[Site "Chess.com INT"]
[Date "2024.06.11"]
[Round "6"]
[White "Mendes, Aaron Reeve"]
[Black "Bogaudinov, Rushan"]
[Result "1-0"]
[WhiteElo "2318"]
[BlackElo "1912"]
[PlyCount "69"]
[GameId "2057617439092736"]
[EventDate "2024.06.11"]
[EventType "swiss (blitz)"]
[EventRounds "11"]
[EventCountry "USA"]
[SourceTitle "EXT 2025"]
[Source "ChessBase"]
[SourceDate "2024.10.14"]
[SourceVersion "1"]
[SourceVersionDate "2024.10.14"]
[SourceQuality "1"]

1. e4 e6 2. Nf3 c5 3. b3 d5 4. Bb5+ Bd7 5. Bxd7+ Qxd7 6. exd5 Qxd5 7. Nc3 Qd8 8. Bb2 Nf6 9. O-O Nc6 10. Re1 Be7 11. Ne4 O-O 12. d4 cxd4 13. Nxd4 Nxd4 14. Qxd4 Qxd4 15. Bxd4 Nxe4 16. Rxe4 b6 17. c4 Rfd8 18. Kf1 Rxd4 19. Rxd4 Bf6 20. Rad1 Bxd4 21. Rxd4 g6 22. Rd7 h5 23. Rb7 g5 24. Ke2 Kg7 25. Kd3 Rd8+ 26. Kc2 Ra8 27. Kc3 Kg6 28. b4 a5 29. b5 Rd8 30. Rxb6 Rd1 31. Ra6 Rc1+ 32. Kb3 Rf1 33. b6 Rxf2 34. b7 Rf1 35. Kc2 1-0

[Event "Titled Tuesday intern op 11th Jun Late"]
[Site "Chess.com INT"]
[Date "2024.06.11"]
[Round "7"]
[White "Mazurkiewicz, Michal"]
[Black "Mendes, Aaron Reeve"]
[Result "1-0"]
[WhiteElo "2145"]
[BlackElo "2318"]
[PlyCount "149"]
[GameId "2057617440571392"]
[EventDate "2024.06.11"]
[EventType "swiss (blitz)"]
[EventRounds "11"]
[EventCountry "USA"]
[SourceTitle "EXT 2025"]
[Source "ChessBase"]
[SourceDate "2024.10.14"]
[SourceVersion "1"]
[SourceVersionDate "2024.10.14"]
[SourceQuality "1"]

1. e4 c5 2. Nf3 d6 3. g3 Nf6 4. d3 g6 5. Bg2 Bg7 6. O-O O-O 7. Re1 Nc6 8. c3 e6 9. d4 cxd4 10. cxd4 d5 11. e5 Nd7 12. Nc3 a6 13. Bg5 Qe8 14. Qd2 b5 15. Bh6 Bb7 16. h4 Nb6 17. b3 Qe7 18. h5 Rfc8 19. Ne2 Qb4 20. Qf4 Qe7 21. Nh2 Bxh6 22. Qxh6 Qf8 23. Qf4 gxh5 24. Qg5+ Qg7 25. Qxh5 Ne7 26. Qg4 Qxg4 27. Nxg4 Nf5 28. Nf6+ Kg7 29. g4 Ne7 30. Ng3 Ng8 31. Ngh5+ Kh8 32. Bf1 Nxf6 33. Nxf6 h6 34. Bd3 Kg7 35. f4 Rc3 36. Rad1 Rd8 37. Kf2 Nd7 38. g5 hxg5 39. Rg1 Nxf6 40. Rxg5+ Kf8 41. exf6 Ke8 42. Rg7 Rdc8 43. f5 R8c6 44. Rh1 exf5 45. Rh8+ Kd7 46. Bxf5+ Kc7 47. Rxf7+ Kb6 48. Rb8 Rc7 49. Rxc7 Rxc7 50. Be6 Ka7 51. Rd8 Rc2+ 52. Ke3 Rc3+ 53. Kf4 Rc1 54. f7 Rf1+ 55. Ke5 Re1+ 56. Kd6 Rf1 57. f8=Q Rxf8 58. Rxf8 Kb6 59. Rb8 Ka7 60. Rxb7+ Kxb7 61. Kc5 Kc7 62. Bxd5 Kb8 63. Bc6 Ka7 64. d5 Kb8 65. d6 Kc8 66. Bxb5 Kd8 67. Bxa6 Kd7 68. Bb5+ Kc8 69. a4 Kd8 70. a5 Kc8 71. a6 Kb8 72. d7 Ka8 73. d8=Q+ Ka7 74. Qb6+ Ka8 75. Bc6# 1-0

[Event "Titled Tuesday intern op 11th Jun Late"]
[Site "Chess.com INT"]
[Date "2024.06.11"]
[Round "10"]
[White "Mendes, Aaron Reeve"]
[Black "Tristan, Leonardo"]
[Result "1-0"]
[WhiteElo "2318"]
[BlackElo "2527"]
[PlyCount "119"]
[GameId "2057617442729984"]
[EventDate "2024.06.11"]
[EventType "swiss (blitz)"]
[EventRounds "11"]
[EventCountry "USA"]
[SourceTitle "EXT 2025"]
[Source "ChessBase"]
[SourceDate "2024.10.14"]
[SourceVersion "1"]
[SourceVersionDate "2024.10.14"]
[SourceQuality "1"]

1. e4 d5 2. exd5 Qxd5 3. Nc3 Qa5 4. d4 Nf6 5. Nf3 Bf5 6. Bc4 e6 7. O-O Bb4 8. Ne2 O-O 9. c3 Bd6 10. Ng3 Bg6 11. Re1 c6 12. Ne5 Nbd7 13. Nxg6 hxg6 14. Ne4 Nxe4 15. Rxe4 Nf6 16. Re1 Rad8 17. b4 Qf5 18. Bd3 Qd5 19. Qb3 Bc7 20. Qxd5 Nxd5 21. Bd2 Nxb4 22. cxb4 Rxd4 23. Bxg6 Rxd2 24. Be4 Bb6 25. Rf1 Rd4 26. Bf3 Rxb4 27. Rad1 Rb2 28. Rd7 Rd8 29. Rxd8+ Bxd8 30. a4 Bb6 31. g3 Ra2 32. Bd1 Rd2 33. Bb3 Kf8 34. Kg2 Ke7 35. h4 Kf6 36. Bc4 Ke5 37. Kf3 Kd4 38. Be2 e5 39. Re1 e4+ 40. Kf4 Ba5 41. h5 Rd3 42. Rb1 Rd2 43. Re1 Bb4 44. g4 Bd6+ 45. Kf5 Bb4 46. g5 e3 47. fxe3+ Kxe3 48. Bc4+ Kf2 49. Re4 b5 50. h6 gxh6 51. gxh6 bxc4 52. Rxc4 Bf8 53. h7 Bg7 54. Rf4+ Ke3 55. Re4+ Kd3 56. Rg4 Rf2+ 57. Kg5 Bb2 58. Rg3+ Kd4 59. h8=Q+ Kd5 60. Qh1+ 1-0

[Event "Titled Tuesday intern op 11th Jun Late"]
[Site "Chess.com INT"]
[Date "2024.06.11"]
[Round "11"]
[White "Troff, Kayden W"]
[Black "Mendes, Aaron Reeve"]
[Result "1-0"]
[WhiteElo "2490"]
[BlackElo "2318"]
[PlyCount "117"]
[GameId "2057617443233792"]
[EventDate "2024.06.11"]
[EventType "swiss (blitz)"]
[EventRounds "11"]
[EventCountry "USA"]
[SourceTitle "EXT 2025"]
[Source "ChessBase"]
[SourceDate "2024.10.14"]
[SourceVersion "1"]
[SourceVersionDate "2024.10.14"]
[SourceQuality "1"]

1. d4 Nf6 2. Nf3 b6 3. Bf4 Bb7 4. Nbd2 d6 5. e3 Nbd7 6. a4 a6 7. a5 b5 8. c4 b4 9. d5 c5 10. dxc6 Bxc6 11. Bg3 Nc5 12. Nb3 Nfe4 13. Nfd4 Bd7 14. Be2 g6 15. Bf3 Rc8 16. Nxc5 Nxc5 17. h4 h5 18. Nb3 Bg7 19. Nxc5 Rxc5 20. Qd2 Rxa5 21. O-O Rxa1 22. Rxa1 a5 23. c5 dxc5 24. Rd1 Qc8 25. Qd5 a4 26. Rc1 O-O 27. Rxc5 Qe8 28. Qc4 Bxb2 29. Qxb4 a3 30. Bd5 Be6 31. Bxe6 fxe6 32. Ra5 Qf7 33. Ra7 e5 34. Kh2 Re8 35. Ra6 Qf5 36. Qb3+ Kg7 37. Qb4 Qd7 38. Qb3 e6 39. Qb6 Re7 40. Ra8 Qd5 41. Qb8 Kf6 42. Qh8+ Kf5 43. Qf8+ Ke4 44. Rd8 Rd7 45. Rxd7 Qxd7 46. Qf3+ Kd3 47. Qd1+ Kc4 48. Qxd7 Kb3 49. Qxe6+ Kc2 50. Qa2 e4 51. Be5 Kc1 52. Bf4 Kc2 53. f3 exf3 54. gxf3 Kd3 55. e4 Ke2 56. Kg2 Kd3 57. e5 Kd4 58. e6 Kc5 59. e7 1-0

[Event "Chess Kids U13 B"]
[Site "Chess.com INT"]
[Date "2024.06.29"]
[Round "1"]
[White "Mendes, Aaron Reeve"]
[Black "Guo, Ethan"]
[Result "1-0"]
[WhiteElo "2312"]
[BlackElo "2159"]
[PlyCount "61"]
[GameId "2063908902281216"]
[EventDate "2024.06.29"]
[EventType "swiss (blitz)"]
[EventRounds "10"]
[EventCountry "NET"]
[SourceTitle "EXT 2025"]
[Source "ChessBase"]
[SourceDate "2024.10.14"]
[SourceVersion "1"]
[SourceVersionDate "2024.10.14"]
[SourceQuality "1"]
[WhiteTeam "CAN"]
[BlackTeam "USA"]

1. e4 c5 2. Nf3 d6 3. Bb5+ Nd7 4. d4 cxd4 5. Nxd4 Ngf6 6. O-O e5 7. Nf5 a6 8. Bd3 Nc5 9. Nc3 Bxf5 10. exf5 Be7 11. Bg5 O-O 12. Bxf6 Bxf6 13. Qf3 Rc8 14. Rfd1 b5 15. Rab1 Re8 16. Be4 Nxe4 17. Nxe4 d5 18. Rxd5 Qe7 19. Nd6 Rxc2 20. Nxe8 Qxe8 21. Qe4 Rc4 22. Qe2 Qc8 23. Rbd1 h6 24. Qd3 e4 25. Qe2 Kh7 26. Rd7 Qc5 27. Rxf7 Rc2 28. Qg4 Qxf2+ 29. Kh1 e3 30. Qg6+ Kh8 31. Rf8# 1-0

[Event "Chess Kids U13 B"]
[Site "Chess.com INT"]
[Date "2024.06.29"]
[Round "2"]
[White "Banerjee, Supratit"]
[Black "Mendes, Aaron Reeve"]
[Result "1-0"]
[WhiteElo "2161"]
[BlackElo "2312"]
[PlyCount "141"]
[GameId "2063908902285312"]
[EventDate "2024.06.29"]
[EventType "swiss (blitz)"]
[EventRounds "10"]
[EventCountry "NET"]
[SourceTitle "EXT 2025"]
[Source "ChessBase"]
[SourceDate "2024.10.14"]
[SourceVersion "1"]
[SourceVersionDate "2024.10.14"]
[SourceQuality "1"]
[WhiteTeam "ENG"]
[BlackTeam "CAN"]

1. e4 c5 2. c3 Nf6 3. e5 Nd5 4. Nf3 e6 5. d4 cxd4 6. cxd4 d6 7. Be2 Be7 8. O-O O-O 9. Nc3 Nxc3 10. bxc3 dxe5 11. Nxe5 Nd7 12. Nf3 b6 13. Bf4 Bb7 14. Bg3 Rc8 15. Qd2 Nf6 16. Rac1 Ba3 17. Rc2 Be4 18. Bd3 Bxf3 19. gxf3 Qd5 20. Qe3 Bd6 21. c4 Qc6 22. Be4 Qc7 23. Kg2 Nh5 24. c5 Bf4 25. Qe2 Qe7 26. c6 Rc7 27. Kh1 Qd6 28. Rd1 f5 29. Bd3 Rxc6 30. Rxc6 Qxc6 31. Bc4 Re8 32. Bb5 Qc8 33. Bxe8 Qxe8 34. d5 e5 35. d6 Qd7 36. Qc4+ Kf8 37. Qc7 Ke8 38. Qc4 Kf8 39. Qc7 Ke8 40. Re1 Qxc7 41. dxc7 Kd7 42. Bxf4 Nxf4 43. Rxe5 Kxc7 44. Rxf5 Ne6 45. Rf7+ Kd6 46. Rxa7 b5 47. Kg2 h5 48. h4 g6 49. Kg3 Kc5 50. f4 Nd4 51. Rc7+ Kb6 52. Rd7 Nf5+ 53. Kh3 Kc6 54. Rf7 Kd5 55. Rf6 Ke4 56. Rxg6 Kxf4 57. Rg5 Nd4 58. Rxh5 Kf3 59. Rd5 Ne2 60. Rxb5 Ng1+ 61. Kh2 Kxf2 62. Rb2+ Kf1 63. Rb1+ Kf2 64. Rxg1 Kf3 65. h5 Kf2 66. h6 Kf3 67. h7 Kf2 68. h8=Q Ke2 69. Qe5+ Kd2 70. Rg2+ Kd1 71. Qa1# 1-0

[Event "Chess Kids U13 B"]
[Site "Chess.com INT"]
[Date "2024.06.29"]
[Round "3"]
[White "Mendes, Aaron Reeve"]
[Black "Kaushik, Ashwath"]
[Result "1/2-1/2"]
[WhiteElo "2312"]
[BlackElo "2029"]
[PlyCount "126"]
[GameId "2063908902301696"]
[EventDate "2024.06.29"]
[EventType "swiss (blitz)"]
[EventRounds "10"]
[EventCountry "NET"]
[SourceTitle "EXT 2025"]
[Source "ChessBase"]
[SourceDate "2024.10.14"]
[SourceVersion "1"]
[SourceVersionDate "2024.10.14"]
[SourceQuality "1"]
[WhiteTeam "CAN"]
[BlackTeam "SGP"]

1. e4 c5 2. Nf3 d6 3. Bb5+ Nd7 4. d4 cxd4 5. Nxd4 a6 6. Bd3 Nc5 7. Nc3 Nxd3+ 8. cxd3 e5 9. Nb3 Nf6 10. d4 exd4 11. Qxd4 Be7 12. O-O O-O 13. h3 Be6 14. Be3 Bxb3 15. axb3 Qd7 16. b4 Qe6 17. Rfd1 Rac8 18. b5 Rc4 19. Qb6 axb5 20. Qxb7 Nxe4 21. Nxb5 Bf6 22. Nd4 Bxd4 23. Rxd4 Rxd4 24. Bxd4 Qg6 25. b4 Ng5 26. Kh2 Qd3 27. Be3 Ne4 28. Ra8 h6 29. Rxf8+ Kxf8 30. b5 Nd2 31. b6 Nf1+ 32. Kg1 Nxe3 33. Qc8+ Ke7 34. Qc7+ Ke6 35. fxe3 Qxe3+ 36. Kf1 Qd3+ 37. Ke1 Qb1+ 38. Kd2 Qb2+ 39. Kd3 Qb3+ 40. Kd4 Qd1+ 41. Kc4 Qc2+ 42. Kb5 Qxc7 43. bxc7 Kd7 44. Kb6 Kc8 45. Kc6 d5 46. Kxd5 Kxc7 47. Kc5 Kd7 48. Kd5 f6 49. g3 g6 50. g4 g5 51. Kd4 Kd6 52. Ke4 Ke6 53. Kd4 f5 54. gxf5+ Kxf5 55. Ke3 h5 56. Kf3 Ke5 57. Ke3 g4 58. hxg4 hxg4 59. Kf2 Kf4 60. Kg2 g3 61. Kg1 Kf3 62. Kf1 g2+ 63. Kg1 Kg3 1/2-1/2

[Event "Chess Kids U13 B"]
[Site "Chess.com INT"]
[Date "2024.06.29"]
[Round "4"]
[White "Brzezina, Piotr"]
[Black "Mendes, Aaron Reeve"]
[Result "0-1"]
[WhiteElo "2309"]
[BlackElo "2312"]
[PlyCount "62"]
[GameId "2063908902309888"]
[EventDate "2024.06.29"]
[EventType "swiss (blitz)"]
[EventRounds "10"]
[EventCountry "NET"]
[SourceTitle "EXT 2025"]
[Source "ChessBase"]
[SourceDate "2024.10.14"]
[SourceVersion "1"]
[SourceVersionDate "2024.10.14"]
[SourceQuality "1"]
[WhiteTeam "POL"]
[BlackTeam "CAN"]

1. d4 d5 2. c4 c6 3. Nf3 Nf6 4. e3 e6 5. Nbd2 Nbd7 6. Bd3 dxc4 7. Nxc4 c5 8. O-O cxd4 9. exd4 Be7 10. Bg5 O-O 11. Re1 b6 12. Nce5 Bb7 13. Qe2 h6 14. Bh4 Nxe5 15. dxe5 Nd7 16. Bxe7 Qxe7 17. Rad1 Rfd8 18. a3 Qc5 19. b4 Qc3 20. Bb5 Nf8 21. Rxd8 Rxd8 22. Rd1 Bxf3 23. gxf3 Rxd1+ 24. Qxd1 Qxe5 25. Qd3 g5 26. Ba4 Ng6 27. Bc2 Nf4 28. Qd1 Kg7 29. Be4 Qc3 30. a4 Qxb4 31. Qc2 Qe1# 0-1

[Event "Chess Kids U13 B"]
[Site "Chess.com INT"]
[Date "2024.06.29"]
[Round "5"]
[White "Tudor, Henry Edward"]
[Black "Mendes, Aaron Reeve"]
[Result "1/2-1/2"]
[WhiteElo "2403"]
[BlackElo "2312"]
[PlyCount "105"]
[GameId "2063908902326272"]
[EventDate "2024.06.29"]
[EventType "swiss (blitz)"]
[EventRounds "10"]
[EventCountry "NET"]
[SourceTitle "EXT 2025"]
[Source "ChessBase"]
[SourceDate "2024.10.14"]
[SourceVersion "1"]
[SourceVersionDate "2024.10.14"]
[SourceQuality "1"]
[WhiteTeam "ROU"]
[BlackTeam "CAN"]

1. Nf3 d5 2. d4 Nf6 3. c4 c6 4. Nc3 dxc4 5. a4 Bf5 6. Ne5 Nbd7 7. Nxc4 Nb6 8. Ne5 a5 9. f3 Nfd7 10. Nd3 Bxd3 11. Qxd3 e5 12. e4 Bb4 13. Be3 O-O 14. dxe5 Qc7 15. f4 Nc5 16. Qc2 Nbxa4 17. Rxa4 Nxa4 18. Qxa4 b5 19. Qc2 a4 20. Kf2 Qb7 21. Be2 a3 22. bxa3 Rxa3 23. Nb1 Ra4 24. Rc1 Rc8 25. Qb3 Ba5 26. Bd3 Bb6 27. Nc3 Bxe3+ 28. Kxe3 Rd4 29. Nd5 Qa7 30. Ne7+ Qxe7 31. Kxd4 c5+ 32. Ke3 c4 33. Qxb5 Qa7+ 34. Kf3 Qa3 35. Qb1 g6 36. g3 Rd8 37. Rd1 cxd3 38. Rd2 Qc3 39. Qd1 Qd4 40. Qe1 Kg7 41. Qe3 Qc3 42. Kf2 Rd4 43. Kf3 Rd7 44. g4 h6 45. h4 Rd8 46. Kg3 Rd7 47. g5 hxg5 48. hxg5 Rd8 49. Kf3 Rd7 50. Qf2 Rd8 51. Qe3 Rh8 52. Kg2 Rd8 53. Kf3 1/2-1/2

[Event "Chess Kids U13 B"]
[Site "Chess.com INT"]
[Date "2024.06.29"]
[Round "6"]
[White "Guo, Ethan"]
[Black "Mendes, Aaron Reeve"]
[Result "1-0"]
[WhiteElo "2159"]
[BlackElo "2312"]
[PlyCount "109"]
[GameId "2063908902342656"]
[EventDate "2024.06.29"]
[EventType "swiss (blitz)"]
[EventRounds "10"]
[EventCountry "NET"]
[SourceTitle "EXT 2025"]
[Source "ChessBase"]
[SourceDate "2024.10.14"]
[SourceVersion "1"]
[SourceVersionDate "2024.10.14"]
[SourceQuality "1"]
[WhiteTeam "USA"]
[BlackTeam "CAN"]

1. e4 c5 2. Nf3 d6 3. d4 cxd4 4. Nxd4 Nf6 5. Nc3 a6 6. Be3 e5 7. Nf3 Be7 8. h3 b5 9. a4 b4 10. Nd5 Nbd7 11. Nxb4 Bb7 12. Nd2 Nxe4 13. Nxe4 Bxe4 14. c3 Bb7 15. a5 Nf6 16. Qa4+ Qd7 17. Qxd7+ Kxd7 18. Rg1 d5 19. Nd3 Bd6 20. Nc5+ Bxc5 21. Bxc5 Ne4 22. Bb6 f5 23. g4 f4 24. Bg2 Nd6 25. O-O-O Ke6 26. Rge1 Nc4 27. Bd4 Kd6 28. b3 exd4 29. bxc4 Rhe8 30. Rxe8 Rxe8 31. Rxd4 Re2 32. Bxd5 Bxd5 33. Rxd5+ Kc6 34. Rd2 Re1+ 35. Kc2 Rh1 36. Rd3 g5 37. Kd2 Kc5 38. Rd5+ Kxc4 39. Rxg5 Rxh3 40. Rf5 Rd3+ 41. Ke2 Kxc3 42. Rxf4 Rd5 43. Rf5 Rd6 44. g5 Re6+ 45. Kf3 Kb4 46. Kg4 h6 47. f4 hxg5 48. fxg5 Re1 49. Kh5 Rg1 50. g6 Ka4 51. Kh6 Kb4 52. g7 Rh1+ 53. Rh5 Rg1 54. Rg5 Rh1+ 55. Kg6 1-0

[Event "Chess Kids U13 B"]
[Site "Chess.com INT"]
[Date "2024.06.29"]
[Round "7"]
[White "Mendes, Aaron Reeve"]
[Black "Banerjee, Supratit"]
[Result "1-0"]
[WhiteElo "2312"]
[BlackElo "2161"]
[PlyCount "65"]
[GameId "2063908902346752"]
[EventDate "2024.06.29"]
[EventType "swiss (blitz)"]
[EventRounds "10"]
[EventCountry "NET"]
[SourceTitle "EXT 2025"]
[Source "ChessBase"]
[SourceDate "2024.10.14"]
[SourceVersion "1"]
[SourceVersionDate "2024.10.14"]
[SourceQuality "1"]
[WhiteTeam "CAN"]
[BlackTeam "ENG"]

1. e4 e6 2. Nf3 d5 3. Nc3 dxe4 4. Nxe4 Nd7 5. d4 Ngf6 6. Bd3 Nxe4 7. Bxe4 Nf6 8. Bd3 c5 9. dxc5 Bxc5 10. O-O O-O 11. Qe2 b6 12. Bg5 Bb7 13. Rad1 Qc7 14. Bxf6 gxf6 15. Be4 Kh8 16. Bxb7 Qxb7 17. Rd3 Rad8 18. Rfd1 Qe7 19. Qd2 Rxd3 20. Qxd3 e5 21. Qe4 Rd8 22. Rxd8+ Qxd8 23. g3 b5 24. Kg2 Bb6 25. a3 Qd7 26. Nh4 Qd2 27. Qf3 Qd8 28. Nf5 Qe8 29. Nd6 Qd7 30. Qxf6+ Kg8 31. Nf5 Qd5+ 32. Kh3 Kf8 33. Qh8# 1-0

[Event "Chess Kids U13 B"]
[Site "Chess.com INT"]
[Date "2024.06.29"]
[Round "8"]
[White "Kaushik, Ashwath"]
[Black "Mendes, Aaron Reeve"]
[Result "0-1"]
[WhiteElo "2029"]
[BlackElo "2312"]
[PlyCount "56"]
[GameId "2063908902363136"]
[EventDate "2024.06.29"]
[EventType "swiss (blitz)"]
[EventRounds "10"]
[EventCountry "NET"]
[SourceTitle "EXT 2025"]
[Source "ChessBase"]
[SourceDate "2024.10.14"]
[SourceVersion "1"]
[SourceVersionDate "2024.10.14"]
[SourceQuality "1"]
[WhiteTeam "SGP"]
[BlackTeam "CAN"]

1. e4 c5 2. Nf3 d6 3. d4 cxd4 4. Nxd4 Nf6 5. Nc3 a6 6. Bg5 Nbd7 7. Qe2 e6 8. O-O-O Qc7 9. f4 b5 10. Nd5 exd5 11. exd5+ Be7 12. Re1 Nb8 13. Bxf6 gxf6 14. Qh5 Qc5 15. Qe2 Ra7 16. Qe4 Rc7 17. Bd3 Kd8 18. Re2 Bb7 19. b4 Qxd5 20. Qe3 Qxa2 21. Rhe1 Qa1+ 22. Kd2 Qc3+ 23. Kd1 Nc6 24. Nf5 Re8 25. Qf2 Nxb4 26. Nxd6 Nxd3 27. Nxf7+ Kc8 28. cxd3 Qc1# 0-1

[Event "Chess Kids U13 B"]
[Site "Chess.com INT"]
[Date "2024.06.29"]
[Round "9"]
[White "Mendes, Aaron Reeve"]
[Black "Brzezina, Piotr"]
[Result "1-0"]
[WhiteElo "2312"]
[BlackElo "2309"]
[PlyCount "91"]
[GameId "2063908902371328"]
[EventDate "2024.06.29"]
[EventType "swiss (blitz)"]
[EventRounds "10"]
[EventCountry "NET"]
[SourceTitle "EXT 2025"]
[Source "ChessBase"]
[SourceDate "2024.10.14"]
[SourceVersion "1"]
[SourceVersionDate "2024.10.14"]
[SourceQuality "1"]
[WhiteTeam "CAN"]
[BlackTeam "POL"]

1. e4 c5 2. Nf3 d6 3. Bb5+ Nd7 4. d4 cxd4 5. Nxd4 Ngf6 6. O-O a6 7. Bd3 e6 8. c4 Be7 9. Nc3 O-O 10. b3 Qc7 11. Bb2 b6 12. Re1 Bb7 13. Rc1 Rac8 14. Kh1 Rfd8 15. Qd2 Qb8 16. f3 Nc5 17. Bb1 Bf8 18. Qf2 Be7 19. Rcd1 Kh8 20. g4 Nfd7 21. b4 Ne5 22. bxc5 bxc5 23. Nb3 Nxc4 24. Ba1 Bc6 25. Bd3 Ne5 26. Bxa6 Rc7 27. Bf1 Bf6 28. h3 d5 29. Nxc5 d4 30. Ne2 Bb5 31. Nxd4 Rxc5 32. Nxb5 Rxd1 33. Rxd1 Rxb5 34. Bxb5 Qxb5 35. Bxe5 Qxe5 36. Kg2 h6 37. Qd2 Kh7 38. a4 Bh4 39. Kf1 Qg3 40. Qg2 Qf4 41. Kg1 Qe3+ 42. Kh1 Bf6 43. Rf1 Qa3 44. Qc2 Qb4 45. e5+ g6 46. exf6 1-0

[Event "Chess Kids U13 B"]
[Site "Chess.com INT"]
[Date "2024.06.29"]
[Round "10"]
[White "Mendes, Aaron Reeve"]
[Black "Tudor, Henry Edward"]
[Result "1-0"]
[WhiteElo "2312"]
[BlackElo "2403"]
[PlyCount "139"]
[GameId "2063908902387712"]
[EventDate "2024.06.29"]
[EventType "swiss (blitz)"]
[EventRounds "10"]
[EventCountry "NET"]
[SourceTitle "EXT 2025"]
[Source "ChessBase"]
[SourceDate "2024.10.14"]
[SourceVersion "1"]
[SourceVersionDate "2024.10.14"]
[SourceQuality "1"]
[WhiteTeam "CAN"]
[BlackTeam "ROU"]

1. e4 c5 2. Nf3 d6 3. Bb5+ Bd7 4. Bxd7+ Nxd7 5. O-O Ngf6 6. Re1 e6 7. c3 Be7 8. d4 O-O 9. Bg5 h6 10. Bxf6 Nxf6 11. Nbd2 Qc7 12. Rc1 Rfd8 13. Qb3 Rac8 14. dxc5 dxc5 15. e5 Nd5 16. Ne4 b6 17. g3 Rd7 18. a3 Qb7 19. c4 Nc7 20. Rcd1 Rcd8 21. Rxd7 Rxd7 22. Qc2 Qa8 23. h4 Qd8 24. Re2 Rd1+ 25. Kg2 Qd3 26. Qxd3 Rxd3 27. Rd2 Rxd2 28. Nfxd2 Kf8 29. f4 Ke8 30. Nf1 Kd7 31. Ne3 g6 32. Ng4 h5 33. Nh6 Ke8 34. Ng8 Na6 35. Nxe7 Kxe7 36. Nd6 Nb8 37. Nc8+ Ke8 38. Nxa7 f6 39. exf6 Kf7 40. Nc8 Nd7 41. Kf3 Kxf6 42. Ke4 Kf7 43. b4 Kf6 44. Nd6 Ke7 45. Nb7 Nf6+ 46. Kf3 cxb4 47. axb4 Nd7 48. c5 bxc5 49. bxc5 Nb8 50. Na5 Nd7 51. c6 Nb6 52. Nb7 Nd5 53. Ke4 Nf6+ 54. Kd4 Nd5 55. Kc5 Nf6 56. Nd6 Nd5 57. Nb5 Nf6 58. Kb6 Kd8 59. Kb7 Nd5 60. c7+ Nxc7 61. Nxc7 Kd7 62. Nb5 e5 63. fxe5 Ke6 64. Nc3 Kxe5 65. Kc6 Kd4 66. Nd5 Ke4 67. Ne7 Kf3 68. Nxg6 Kxg3 69. Kd5 Kg4 70. Ke6 1-0